UM Logo

Food safety knowledge, training methods, and barriers to training : (Record no. 23229)

MARC details
000 -LEADER
fixed length control field 00857nam a22001817a 4500
005 - DATE AND TIME OF LATEST TRANSACTION
control field 20250902195753.0
008 - FIXED-LENGTH DATA ELEMENTS--GENERAL INFORMATION
fixed length control field 241119b |||||||| |||| 00| 0 eng d
082 ## - DEWEY DECIMAL CLASSIFICATION NUMBER
Classification number DPer 647.95 J826 January-December 2021 v. 4 n. 1-6
100 ## - MAIN ENTRY--PERSONAL NAME
Personal name Ghezzi, Sara.
Relator term author.
9 (RLIN) 64286
245 ## - TITLE STATEMENT
Title Food safety knowledge, training methods, and barriers to training :
Remainder of title an examination of the U.S. food truck industry /
Statement of responsibility, etc. Sara Ghezzi, Baker Ayoun, and Yee Ming Lee.
260 ## - PUBLICATION, DISTRIBUTION, ETC. (IMPRINT)
Place of publication, distribution, etc. USA ;
Name of publisher, distributor, etc. Taylor and Francis Group, LLC ,
Date of publication, distribution, etc. September-October 2021.
300 ## - PHYSICAL DESCRIPTION
Extent Volume 24, pages 534-553 :
Other physical details illustration ;
Dimensions 26 cm.
500 ## - GENERAL NOTE
General note Journal of Foodservice Business Research, vol. 24, no. 5, pages 534-553, September-October 2021.
700 ## - ADDED ENTRY--PERSONAL NAME
Personal name Ghezzi, Sara.
Relator term author.
9 (RLIN) 64286
700 ## - ADDED ENTRY--PERSONAL NAME
Personal name Ayoun, Baker.
Relator term author.
9 (RLIN) 64287
700 ## - ADDED ENTRY--PERSONAL NAME
Personal name Lee, Yee Ming.
Relator term author.
9 (RLIN) 64288
942 ## - ADDED ENTRY ELEMENTS (KOHA)
Source of classification or shelving scheme Dewey Decimal Classification
Koha item type Periodicals
Holdings
Withdrawn status Lost status Source of classification or shelving scheme Damaged status Not for loan Collection code Home library Current library Date acquired Total Checkouts Date last seen Price effective from Koha item type Public note
    Dewey Decimal Classification     Periodicals UM Digos College - LIC UM Digos College - LIC 11/19/2024   11/19/2024 11/19/2024 Periodicals Periodical Article